| 000 | 01042cad a22002415a 4500 | ||
|---|---|---|---|
| 001 | E148065 | ||
| 008 | 090720e20090717xxkd f s 000 0 eng d | ||
| 035 | _a(Sirsi) u148065 | ||
| 041 | 0 | _aeng | |
| 050 | 0 | 4 | _a333.33 $2 18 |
| 110 | 2 |
_aRoyal Institution of Chartered Surveyors _bEconomics _95033 |
|
| 245 | 0 | 0 |
_aRICS global real estate weekly _b17 July 2009 _h[electronic resource] |
| 260 |
_aLondon _bRICS _c2009 |
||
| 490 | 0 |
_aRICS Global Real Estate Weekly _v17 July 2009 |
|
| 520 | _aReports on French business confidence and the construction sector, and discusses weak demand for Japanese housing loans. Also looks at the US housing market and rising UK mortgage demand. | ||
| 590 | _aKA | ||
| 650 | 2 | 4 | _aRICS GLOBAL REAL ESTATE WEEKLY |
| 651 | 4 | _aInternational | |
| 690 | _aBUILT ENVIRONMENT-CONSTRUCTION MARKET | ||
| 690 | _aPROPERTY-COMMERCIAL PROPERTY-COMMERCIAL PROPERTY MARKET | ||
| 856 | 4 | 0 |
_uhttps://www.rics.org/RICSWEB/getpage.aspx?p=AAYoG7sDs0atN-4tDGFK1A _zView this item free of charge at www.rics.org... |
| 942 | _n0 | ||
| 999 |
_c109863 _d109863 |
||